000 00337nam a2200145Ia 4500
008 221030s9999 xx 000 0 und d
041 _aEnglish
082 _a105.23
_bMok
100 _aV. S. Mokashi
245 0 _aEngineering Mechanics Statics
260 _bTMH
_aNew Delhi
_c1995
300 _a535
650 _aMechanical
942 _cBK
999 _c1423
_d1423